000 00650nam a2200253Ia 4500
003 OSt
005 20221005084029.0
006 a|||||r|||| 00| 0
007 ta
008 221004b |||||||| |||| 00| 0 eng d
020 _a0896033449
024 _a14610
037 _cTextual
040 _aCRL
_cCRL
_beng
041 _2eng
_aeng
082 _aE9:2, N6
100 _aRapley Ralph
_9413955
245 0 _aPCR sequencing protocols
260 _aNew Jersey
_bHumana Press USA
_c1996
300 _a221p.
_ccm.
650 _aMOLECULAR BIOLOGY
_9414923
942 _hE9:2, N6
_cTEXL
_2cc
999 _c991922
_d991922